书目信息 |
| 题名: |
一般格论基础
|
|
| 作者: | 李海洋 编著 | |
| 分册: | ||
| 出版信息: | 西安 西北工业大学出版社 2012 |
|
| 页数: | 155页 | |
| 开本: | 20cm | |
| 丛书名: | ||
| 单 册: | ||
| 中图分类: | O153.1 | |
| 科图分类: | ||
| 主题词: | 代数 , 数论 , 组合数学 | |
| 电子资源: | ||
| ISBN: | 978-7-5612-3420-4 | |
| 000 | 00578nam0 2200205 450 | |
| 001 | 1759312561 | |
| 005 | 20170329162832.56 | |
| 010 | @a978-7-5612-3420-4@d28 | |
| 100 | @a20170329d km y0chiy0120 ea | |
| 101 | 0 | @achi |
| 200 | 1 | @a一般格论基础@Ayi ban ge lun ji chu@f李海洋编著@Fli hai yang bian zhu |
| 210 | @a西安@c西北工业大学出版社@d2012 | |
| 215 | @a155页@d20cm | |
| 606 | 0 | @a代数 |
| 606 | 0 | @a数论 |
| 606 | 0 | @a组合数学 |
| 690 | @aO153.1@v4 | |
| 701 | 0 | @a李海洋@Ali hai yang@4编著 |
| 801 | 0 | @aCN@b大连网信软件有限公司图书馆·11@c20170329 |
| 905 | @dO153.1@eS393@f1 | |
| 一般格论基础/李海洋编著.-西安:西北工业大学出版社,2012 |
| 155页;20cm |
| ISBN 978-7-5612-3420-4:28 |
| ● |
| 相关链接 |
|
|
|
|
正题名:一般格论基础
索取号:O153.1/S393
 
预约/预借
| 序号 | 登录号 | 条形码 | 馆藏地/架位号 | 状态 | 备注 |